banner-ar

NOTES D'HISTOIRE ET DE CIVILISATION E'THIOPIENNES (EXTRAIT DU B.I.F.A.O TOME 51) / (Record no. 20402)

MARC details
000 -الفاتح
حقل البيانات ثابتة الطول 00644nam a2200229Ia 4500
008 - عناصر البيانات ثابتة الطول - معلومات عامة
حقل البيانات ثابتة الطول 140319s9999 xx 000 0 aFre d
040 ## - مصدر الفهرسة
وكالة الفهرسة الأصلية GCL /
وكالة النسخ GCL
082 04 - رقم تصنيف ديوى العشرى
رقم التصنيف 939.78
رقم المادة L N
100 1# - المدخل الرئيسى - إسم شخصى
الإسم الشخصى LECLANT, JEAN
245 10 - بيان العنوان
العنوان NOTES D'HISTOIRE ET DE CIVILISATION E'THIOPIENNES (EXTRAIT DU B.I.F.A.O TOME 51) /
بيان المسئوليه,etc LECLANT, JEAN
700 1# - المدخل الاضافى - اسم شخصى
الإسم الشخصى YOYOTTE, JEAN
260 ## - PUBLICATION, DISTRIBUTION, ETC. (IMPRINT)
تاريخ النشر أو التوزيع 1951
300 ## - الوصف المادى
التعداد 39 P
650 04 - المدخل الاضافى بالموضوع-مصطلح موضوعى
مصطلح موضوعي ARCHAEOLOGY
650 04 - المدخل الاضافى بالموضوع-مصطلح موضوعى
مصطلح موضوعي ATHIOPIAN CIVILIZATION
650 04 - المدخل الاضافى بالموضوع-مصطلح موضوعى
مصطلح موضوعي KAWA TEMPLE
650 04 - المدخل الاضافى بالموضوع-مصطلح موضوعى
مصطلح موضوعي NAPATA - DYNASTY(EGYPT)
650 04 - المدخل الاضافى بالموضوع-مصطلح موضوعى
مصطلح موضوعي ELEPHANT IN (EGYPT)
650 04 - المدخل الاضافى بالموضوع-مصطلح موضوعى
مصطلح موضوعي EDFU TEMPLE
942 ## - عناصر المدخل الإضافي( كوها)
مصدر التصنيف او مخطط الترفيف Dewey Decimal Classification
Koha [default] item type كتاب
260 ## - PUBLICATION, DISTRIBUTION, ETC. (IMPRINT)
-- [S.N] :
-- I.F.A.O ،
Holdings
حالة التراجع حالة الفقد حالة تلف ليس للاعارة المكان المؤقت الموقع الحالى تاريخ الاكتساب اجمالي اﻻعارات رقم الطلب الباركود تاريخ اخر مشاهدة تاريخ تفعيل السعر نوع وعاء كوها
        مكتبة القاهرة الكبرى مكتبة القاهرة الكبرى 03/26/2014   939.78\L N 38280 03/26/2014 03/26/2014 كتاب
        مكتبة القاهرة الكبرى مكتبة القاهرة الكبرى 03/26/2014   939.78\L N 38281 03/26/2014 03/26/2014 كتاب

Powered By

EGPV